000 00850nam a2200205Ia 4500
008 0000001996 sp a 0000000000spa00
090 _aPSP00 R64m
100 1 _aRoldán, Modesto
245 1 0 _aModesto Roldán
_b: el agua y la tierra
_c/ fotografías Juan Ma. Orlandis ; coordinan Modesto Roldán, Luis Romero
300 _a[16] p.
_c/ 28 cm.
500 _aExposición realizada en Galería de arte Barrons, Madrid, Mayo 931, 1996 \ Con el patronazgo del maestro venezolano Jesús Rafael Soto (q.e.p.d.)
600 0 0 _aROLDAN, MODESTO./
_xTRABAJOS PICTORICOS
650 1 4 _aARTE CONTEMPORANEO ESPAÑOL
650 1 4 _xCATALOGOS
650 1 4 _xEXPOSICIONES
650 1 4 _aPINTORES ESPAÑOLES
650 1 4 _aPINTURA ESPAÑOLA
700 1 _aOrlandis, Juan María \ Romero, Luis
999 _c2178
_d2178
260 _aMadrid : Galería de Arte Barrons
_c1996